<?xml version="1.0" encoding="UTF-8"?>
<record
    xmlns:xsi="http://www.w3.org/2001/XMLSchema-instance"
    xsi:schemaLocation="http://www.loc.gov/MARC21/slim http://www.loc.gov/standards/marcxml/schema/MARC21slim.xsd"
    xmlns="http://www.loc.gov/MARC21/slim">

  <leader>01515nam a2200337 a 4500</leader>
  <controlfield tag="001">000045449</controlfield>
  <controlfield tag="003">DO-SdBNP</controlfield>
  <controlfield tag="005">20221118085729.0</controlfield>
  <controlfield tag="007">000045449</controlfield>
  <controlfield tag="008">150325s2015    dr abc        000 0 spa d</controlfield>
  <datafield tag="020" ind1=" " ind2=" ">
    <subfield code="a">9789945082128</subfield>
  </datafield>
  <datafield tag="040" ind1=" " ind2=" ">
    <subfield code="a">BPMSU</subfield>
    <subfield code="b">spa</subfield>
    <subfield code="c">BPMSU</subfield>
  </datafield>
  <datafield tag="082" ind1=" " ind2="4">
    <subfield code="a">338.18</subfield>
    <subfield code="b">P977f 2015</subfield>
    <subfield code="2">22</subfield>
  </datafield>
  <datafield tag="100" ind1="1" ind2=" ">
    <subfield code="a">Puello Nina, Rafael Bienvenido,</subfield>
    <subfield code="d">1955-</subfield>
  </datafield>
  <datafield tag="245" ind1="1" ind2="3">
    <subfield code="a">La frontera dominico-haitiana :</subfield>
    <subfield code="b">un espacio para la humanizaci&#xF3;n y el desarrollo sostenible el caso Macas&#xED;as, provincia El&#xED;as Pi&#xF1;a /</subfield>
    <subfield code="c">Rafael Bienvenido Puello Nina ; edici&#xF3;n H&#xE9;ctor Luis Mart&#xED;nez ; presentaci&#xF3;n Bol&#xED;var Troncoso Morales.</subfield>
  </datafield>
  <datafield tag="260" ind1=" " ind2=" ">
    <subfield code="a">Santo Domingo :</subfield>
    <subfield code="b"> Instituto Panamericano de Geograf&#xED;a e Historia,</subfield>
    <subfield code="c">2015.</subfield>
    <subfield code="b"> </subfield>
  </datafield>
  <datafield tag="300" ind1=" " ind2=" ">
    <subfield code="a">286 p. :</subfield>
    <subfield code="b">il., mapas, retrs. ;</subfield>
    <subfield code="c">23 cm.</subfield>
  </datafield>
  <datafield tag="500" ind1=" " ind2=" ">
    <subfield code="a">Incluye datos biogr&#xE1;ficos del autor en las solapas</subfield>
  </datafield>
  <datafield tag="500" ind1=" " ind2=" ">
    <subfield code="a">Incluye referencias bibliogr&#xE1;ficas y notas al pie de las p&#xE1;ginas</subfield>
  </datafield>
  <datafield tag="504" ind1=" " ind2=" ">
    <subfield code="a">Bibliograf&#xED;a : p. 161-169</subfield>
  </datafield>
  <datafield tag="590" ind1=" " ind2=" ">
    <subfield code="6">Inventariado, 2022/VM</subfield>
  </datafield>
  <datafield tag="650" ind1=" " ind2="4">
    <subfield code="a">Desarrollo sostenible</subfield>
    <subfield code="z">Rep&#xFA;blica Dominicana.</subfield>
  </datafield>
  <datafield tag="650" ind1=" " ind2="4">
    <subfield code="a">Administraci&#xF3;n agr&#xED;cola</subfield>
    <subfield code="z">Macas&#xED;as (El&#xED;as Pi&#xF1;a, Rep&#xFA;blica Dominicana) </subfield>
  </datafield>
  <datafield tag="650" ind1=" " ind2="4">
    <subfield code="a"> </subfield>
  </datafield>
  <datafield tag="651" ind1=" " ind2="4">
    <subfield code="a">El&#xED;as Pi&#xF1;a (Rep&#xFA;blica Dominicana )</subfield>
    <subfield code="x">Aspectos econ&#xF3;micos y sociales</subfield>
    <subfield code="2"> </subfield>
  </datafield>
  <datafield tag="700" ind1="1" ind2=" ">
    <subfield code="a">Mart&#xED;nez, H&#xE9;ctor Luis,</subfield>
    <subfield code="e">ed.</subfield>
  </datafield>
  <datafield tag="700" ind1="1" ind2=" ">
    <subfield code="a">Troncoso Morales, Bol&#xED;var,</subfield>
    <subfield code="e">presentaci&#xF3;n </subfield>
  </datafield>
  <datafield tag="710" ind1="2" ind2=" ">
    <subfield code="a">Instituto Panamericano de Geograf&#xED;a e Historia, (Rep&#xFA;blica Dominicana)</subfield>
  </datafield>
  <datafield tag="910" ind1=" " ind2=" ">
    <subfield code="a">VMateo V./Validado</subfield>
  </datafield>
  <datafield tag="942" ind1=" " ind2=" ">
    <subfield code="2">ddc</subfield>
    <subfield code="c">BK</subfield>
  </datafield>
  <datafield tag="952" ind1=" " ind2=" ">
    <subfield code="0">0</subfield>
    <subfield code="1">0</subfield>
    <subfield code="2">ddc</subfield>
    <subfield code="4">0</subfield>
    <subfield code="7">0</subfield>
    <subfield code="8">CD</subfield>
    <subfield code="a">BPMET</subfield>
    <subfield code="b">BPMET</subfield>
    <subfield code="d">2015-08-26</subfield>
    <subfield code="e">Dominico Americano </subfield>
    <subfield code="o">BPMSU CD 338.18 P977f 2015</subfield>
    <subfield code="p">BPMSU15080483</subfield>
    <subfield code="r">2015-08-26</subfield>
    <subfield code="w">2015-08-26</subfield>
    <subfield code="y">BK</subfield>
  </datafield>
  <datafield tag="999" ind1=" " ind2=" ">
    <subfield code="c">8228</subfield>
    <subfield code="d">8228</subfield>
  </datafield>
</record>
